LEADER 02225nam0 22003611i 450 001 UON00047932 005 20231205102214.209 100 $a20020107g13571938 |0itac50 ba 101 $aara 102 $aIN 105 $a|||| 1|||| 200 1 $aˆal-‰Muntazam fi tarih al-muluk wa'l-umam$f'Abd al-Rahman ibn 'Ali Ibn al-Gawzi 210 $aHyderabad$cDar al-Kutub al-'Ilmiyya$dH. 1357-58 [1938-39] 215 $a16 v.$d24 c 300 $aPosseduti v. 5-10 316 $aaltri inv. 48019-48023$5IT-UONSI ARAGENG IV/009 (1) 606 $aIslam$xBiografie$3UONC001716$2FI 606 $aISLAM$xFONTI$3UONC003451$2FI 620 $dHaydarabad (Sindh)$3UONL001516 686 $aARA GEN G IV$cPAESI ARABI - WHO'S WHO, ANNUARI - STORIA$2A 700 1$aIBN al-GAWZI$b'Abd al-Rahman ibn 'Ali$3UONV012416$0639718 712 $amatba'a al-Ma'arif$3UONV253302$4650 801 $aIT$bSOL$c20241213$gRICA 912 $aUON00047932 950 $aSIBA - SISTEMA BIBLIOTECARIO DI ATENEO$dSI ARA GEN G IV 009 (3) $eSI SA 48020 7 009 (3) 950 $aSIBA - SISTEMA BIBLIOTECARIO DI ATENEO$dSI ARA GEN G IV 009 (1) $eSI MR 38386 7 009 (1) altri inv. 48019-48023 950 $aSIBA - SISTEMA BIBLIOTECARIO DI ATENEO$dSI ARA GEN G IV 009 (2) $eSI SA 48019 7 009 (2) 950 $aSIBA - SISTEMA BIBLIOTECARIO DI ATENEO$dSI ARA GEN G IV 009 (6) $eSI SA 48023 7 009 (6) 950 $aSIBA - SISTEMA BIBLIOTECARIO DI ATENEO$dSI ARA GEN G IV 009 (4) $eSI SA 48021 7 009 (4) 950 $aSIBA - SISTEMA BIBLIOTECARIO DI ATENEO$dSI ARA GEN G IV 009 (5) $eSI SA 48022 7 009 (5) 950 $aSIBA - SISTEMA BIBLIOTECARIO DI ATENEO$dSI DOPPI 169 (1-6) $eSI AR 2529 7 996 $aMuntazam fi tarih al-muluk wa'l-umam$91156392 997 $aUNIOR